| 000 | 00421nam a2200169Ia 4500 | ||
|---|---|---|---|
| 999 |
_c46032 _d46032 |
||
| 003 | 0100 | ||
| 005 | 20170301091605.0 | ||
| 008 | 130303s9999 xx 000 0 und d | ||
| 040 | _cARRUPELIB | ||
| 050 | _aBR479.N41961 | ||
| 100 |
_aNeill, Stephen _929174 |
||
| 245 | _aTwentieth century Christianity | ||
| 245 | _bA survey of modern religious trends by leading churchmen | ||
| 260 | _aLondon | ||
| 260 | _bCollins | ||
| 300 | _a448p | ||
| 650 |
_aChurch history _y29th. century _929175 |
||
| 942 |
_2lcc _cMONOGRAPH |
||